[Event "Caen Alekhine op-A 22nd"]
[Site "Caen"]
[Date "2012.11.01"]
[Round "1"]
[White "Cheype, Marie"]
[Black "Wiley, Tom E"]
[Result "0-1"]
[WhiteElo "1790"]
[BlackElo "2280"]
[PlyCount "58"]
[EventDate "2012.11.01"]
[EventType "swiss"]
[EventRounds "7"]
[EventCountry "FRA"]
[SourceTitle "EXT 2013"]
[Source "ChessBase"]
[SourceDate "2012.11.22"]
[SourceVersion "1"]
[SourceVersionDate "2012.11.22"]
[SourceQuality "1"]

1. e4 c5 2. Nf3 e6 3. d4 cxd4 4. Nxd4 a6 5. a3 Nf6 6. Nc3 Qc7 7. Bg5 Nxe4 8. Nxe4 Qe5 9. f3 f5 10. Qd2 fxe4 11. 0-0-0 Bc5 12. Nxe6 dxe6 13. Qd8+ Kf7 14. Qxh8 Qxg5+ 15. Kb1 Nc6 16. fxe4 Ke7 17. Bc4 Rb8 18. Rhf1 Bd7 19. Qxh7 Ne5 20. Bb3 Qh6 21. Qxh6 gxh6 22. Rf4 Be3 23. Rh4 Bg5 24. Rh3 Rf8 25. c3 Rf2 26. Rg3 Bc6 27. Bc2 Nc4 28. Rf3 Rxg2 29. Rfd3 Rxh2 0-1

[Event "FRA-ch U18 Girls"]
[Site "Le Grand Bornand"]
[Date "2007.04.12"]
[Round "6"]
[White "Des Bouillons, Pauline"]
[Black "Cheype, Marie"]
[Result "0-1"]
[WhiteElo "1618"]
[BlackElo "1847"]
[PlyCount "86"]
[EventDate "2007.04.07"]
[EventType "swiss"]
[EventRounds "9"]
[EventCountry "FRA"]
[SourceTitle "CBM 118 Extra"]
[Source "ChessBase"]
[SourceDate "2007.07.04"]
[SourceVersion "1"]
[SourceVersionDate "2007.07.04"]
[SourceQuality "1"]

1. a3 e5 2. c4 Nf6 3. d3 d5 4. cxd5 Nxd5 5. Nf3 Nc6 6. g3 f6 7. Bg2 Be6 8. 0-0 Bc5 9. Nc3 Qd7 10. Bd2 h5 11. h4 0-0-0 12. Rc1 Bb6 13. Ne4 Bg4 14. Rc4 g5 15. hxg5 f5 16. Nc5 Qe7 17. Qc1 f4 18. Nxb7 Kxb7 19. Rxc6 Bxf3 20. Bxf3 Qxg5 21. Qc4 Qxg3+ 22. Bg2 Qg4 23. Rc1 Rhg8 24. Rxb6+ cxb6 25. Qe4 h4 26. Kf1 h3 27. Qh7+ Rg7 28. Qxh3 Qxh3 29. Bxh3 Rdg8 30. e4 f3 31. Ke1 Rg1+ 32. Bf1 Rh1 33. exd5 Rgg1 34. Kd1 Rxf1+ 35. Kc2 Rxc1+ 36. Bxc1 Kc7 37. Be3 Re1 38. Bd2 Re2 39. Kd1 Rxf2 40. Bc3 Kd6 41. Ke1 Re2+ 42. Kf1 Kxd5 43. Kg1 Re3 0-1

[Event "FRA-ch U18 Girls"]
[Site "Le Grand Bornand"]
[Date "2007.04.11"]
[Round "5"]
[White "Cheype, Marie"]
[Black "Bismuth, Lea"]
[Result "0-1"]
[WhiteElo "1847"]
[BlackElo "1944"]
[PlyCount "36"]
[EventDate "2007.04.07"]
[EventType "swiss"]
[EventRounds "9"]
[EventCountry "FRA"]
[SourceTitle "CBM 118 Extra"]
[Source "ChessBase"]
[SourceDate "2007.07.04"]
[SourceVersion "1"]
[SourceVersionDate "2007.07.04"]
[SourceQuality "1"]

1. e4 c5 2. Nf3 Nc6 3. d4 cxd4 4. Nxd4 Qb6 5. Nxc6 bxc6 6. Nc3 e5 7. Bc4 Nf6 8. 0-0 Be7 9. Qd3 0-0 10. b3 Bb7 11. Rd1 Rfd8 12. Qf3 d5 13. exd5 cxd5 14. Nxd5 Nxd5 15. Bxd5 Bxd5 16. Rxd5 Rxd5 17. Qxd5 Rd8 18. Qf3 Qd4 0-1

[Event "FRA-chT2 West 0607"]
[Site "France"]
[Date "2006.11.25"]
[Round "2.8"]
[White "Meaudre, Flora"]
[Black "Cheype, Marie"]
[Result "0-1"]
[WhiteElo "1941"]
[BlackElo "1871"]
[PlyCount "68"]
[EventDate "2006.10.15"]
[EventType "team"]
[EventRounds "11"]
[EventCountry "FRA"]
[SourceTitle "EXT 2008"]
[Source "ChessBase"]
[SourceDate "2007.11.25"]
[SourceVersion "1"]
[SourceVersionDate "2007.11.25"]
[SourceQuality "1"]
[WhiteTeam "Rueil Malmaison"]
[BlackTeam "Agneaux Saint Lo"]
[WhiteTeamCountry "FRA"]
[BlackTeamCountry "FRA"]

1. e4 c5 2. Nc3 Nc6 3. g3 g6 4. Bg2 Bg7 5. d3 e6 6. f4 d6 7. Nf3 Nge7 8. 0-0 0-0 9. Be3 Nd4 10. Rb1 Nec6 11. Ne2 Qc7 12. c3 Nxf3+ 13. Bxf3 b6 14. d4 Rb8 15. g4 f5 16. e5 dxe5 17. fxe5 Rd8 18. Qc2 cxd4 19. cxd4 Bb7 20. Qc4 Qd7 21. gxf5 gxf5 22. b4 Rbc8 23. Qb3 Ba6 24. Bxc6 Qxc6 25. b5 Qc2 26. Qxe6+ Kh8 27. Ng3 Bb7 28. Bf2 f4 29. Qf5 fxg3 30. Qxc2 gxh2+ 31. Kxh2 Rxc2 32. Kg3 Rg8 33. Kh3 Bh6 34. Rbe1 Bg2+ 0-1

[Event "EU-ch U16 Girls"]
[Site "Herceg Novi"]
[Date "2006.09.17"]
[Round "7"]
[White "Heinatz, Maria"]
[Black "Cheype, Marie"]
[Result "0-1"]
[WhiteElo "1916"]
[BlackElo "1889"]
[PlyCount "54"]
[EventDate "2006.09.10"]
[EventType "swiss"]
[EventRounds "9"]
[EventCountry "MNE"]
[SourceTitle "CBM 114 Extra"]
[Source "ChessBase"]
[SourceDate "2006.11.03"]
[SourceVersion "1"]
[SourceVersionDate "2006.11.03"]
[SourceQuality "1"]

1. e4 c5 2. Nf3 e6 3. Nc3 Nc6 4. d4 cxd4 5. Nxd4 Nf6 6. Ndb5 Bb4 7. a3 Bxc3+ 8. Nxc3 d5 9. exd5 exd5 10. Bd3 0-0 11. 0-0 d4 12. Ne2 Bg4 13. f3 Bh5 14. Bg5 Qd6 15. Qd2 Nd5 16. Be4 f5 17. Bxd5+ Qxd5 18. Be3 Rad8 19. Rad1 Qb5 20. Bg5 Rd7 21. b4 Qb6 22. Kh1 Bf7 23. Be3 Rfd8 24. Bf2 Bc4 25. Rfe1 Qa6 26. Nxd4 Nxd4 27. Qf4 Ne2 0-1

[Event "EU-ch U16 Girls"]
[Site "Herceg Novi"]
[Date "2006.09.14"]
[Round "5"]
[White "Sirisena, Chantal"]
[Black "Cheype, Marie"]
[Result "1-0"]
[WhiteElo "1950"]
[BlackElo "1889"]
[PlyCount "87"]
[EventDate "2006.09.10"]
[EventType "swiss"]
[EventRounds "9"]
[EventCountry "MNE"]
[SourceTitle "CBM 114 Extra"]
[Source "ChessBase"]
[SourceDate "2006.11.03"]
[SourceVersion "1"]
[SourceVersionDate "2006.11.03"]
[SourceQuality "1"]

1. e4 c5 2. Nc3 Nc6 3. g3 g6 4. d3 Bg7 5. Be3 d6 6. Qd2 e6 7. Bg2 Rb8 8. Nge2 Nd4 9. 0-0 b5 10. Nc1 Qa5 11. Nb3 Qb6 12. Nd1 b4 13. Nc1 Ba6 14. f4 Ne7 15. c3 bxc3 16. bxc3 Ndc6 17. Qf2 0-0 18. g4 f5 19. e5 Nd5 20. gxf5 Nxe3 21. Qxe3 exf5 22. exd6 Rfe8 23. Bd5+ Kh8 24. Qf3 Na5 25. Ne2 Bxd3 26. Re1 c4+ 27. Nf2 Re3 28. Qxe3 Qxe3 29. Nd4 Qxf4 30. d7 Be5 31. Nf3 Be4 32. Bxe4 Bxc3 33. Rad1 Rd8 34. Re2 fxe4 35. Rxe4 Qf6 36. Re8+ Kg7 37. Kg2 Bb4 38. Ne4 Qb6 39. Nfg5 Kh6 40. Nf7+ Kh5 41. Nxd8 c3 42. Nf7 Nb7 43. Ng3+ Kg4 44. Re4# 1-0

[Event "France-ch U14 Girls"]
[Site "Reims"]
[Date "2004.04.23"]
[Round "7"]
[White "Cheype, Marie"]
[Black "Fernandez, Laura"]
[Result "0-1"]
[WhiteElo "1740"]
[BlackElo "2000"]
[PlyCount "68"]
[EventDate "2004.04.??"]
[EventType "swiss"]
[EventRounds "9"]
[EventCountry "FRA"]
[SourceTitle "EXT 2005"]
[Source "ChessBase"]
[SourceDate "2004.11.15"]
[SourceVersion "1"]
[SourceVersionDate "2004.11.15"]
[SourceQuality "1"]

1. e4 e5 2. Nf3 Nc6 3. d4 exd4 4. Bc4 Be7 5. Nxd4 d6 6. 0-0 Nf6 7. Nc3 0-0 8. Bf4 Bd7 9. Re1 Re8 10. Nf3 Bg4 11. Qd3 Nh5 12. Qd5 Bxf3 13. Qxf7+ Kh8 14. gxf3 Nxf4 15. Qxf4 Ne5 16. Be2 Rf8 17. Qg3 Rf6 18. Kh1 Rg6 19. Qh3 Rh6 20. Qg2 Bg5 21. Rg1 Rg6 22. Qh3 c6 23. Qf5 Qe7 24. f4 Rf8 25. Rxg5 Rxf5 26. Rxf5 Ng4 27. Bxg4 Rxg4 28. f3 Rh4 29. Ne2 g6 30. Rg5 Rxf4 31. Nxf4 Qxg5 32. Nd3 Qd2 33. Ne1 Qf2 34. Ng2 Qxc2 0-1

[Event "FRA-ch U12 Girls"]
[Site "Hyeres"]
[Date "2002.??.??"]
[Round "9.6"]
[White "Smara, Lydia"]
[Black "Cheype, Marie"]
[Result "1-0"]
[WhiteElo "1530"]
[BlackElo "1460"]
[PlyCount "47"]
[EventDate "2002.04.05"]
[EventType "swiss"]
[EventRounds "9"]
[EventCountry "FRA"]
[SourceTitle "EXT 2003"]
[Source "ChessBase"]
[SourceDate "2002.11.25"]
[SourceVersion "1"]
[SourceVersionDate "2002.11.25"]
[SourceQuality "1"]

1. e4 d5 2. exd5 Qxd5 3. Nc3 Qa5 4. d4 Nf6 5. h3 Bf5 6. Bd2 c6 7. Nf3 e6 8. a3 Nbd7 9. Bc4 h5 10. Ra2 Qc7 11. Bb3 0-0-0 12. Qe2 Bd6 13. Kd1 e5 14. dxe5 Nxe5 15. Nxe5 Bxe5 16. Kc1 Rd7 17. Be3 Kb8 18. Rd1 Bxc3 19. bxc3 Rxd1+ 20. Qxd1 Ne4 21. Kb2 Rd8 22. Qf3 Qe5 23. Bf4 Ka8 24. Bxe5 1-0